| 000 | 00888nam a2200193Ii 4500 | ||
|---|---|---|---|
| 003 | JO-AjNU | ||
| 008 | 230605s9999||||xx |||||||||||||| ||und|| | ||
| 040 |
_aJO-AjNU _bara _erda _cJO-AjNU |
||
| 041 | _aara | ||
| 050 | 1 | 4 | _aDS109.9 2011 |
| 100 | 3 |
_aمؤتمر التعليم في القدس : الواقع والمأمول )1: 2010 : القدس, _eauthor _931914 |
|
| 245 | 0 | 0 | _a بحوث المؤتمر الأول لمؤسسة ساعد للاستشارات التربوية التعليم في القدس: الواقع والمأمول |
| 264 | 3 | 1 | _aالقدس: مؤسسة ساعد للاستشارات التربوية، 2011 |
| 300 | _a218ص | ||
| 336 |
_atext _btxt _2rdacontent |
||
| 337 |
_aunmediated _bn _2rdamedia |
||
| 338 |
_avolume _bnc _2rdacarrier |
||
| 650 | 4 |
_aالتعليم-القدس- مؤتمرات، التخطيط التربوي- القدس- مؤتمرات _931915 |
|
| 999 |
_aA12819 _c16387 _d16387 |
||